| 000 | 00825nam1a22002291i 4500 | ||
|---|---|---|---|
| 001 | rc\2884047 | ||
| 005 | 20260407135731.0 | ||
| 035 | _a(NLR Aleph) 007036747 | ||
| 090 |
_a6057409 _c6057409 |
||
| 100 | _a20110721d1933 |||y0rusy50 ca | ||
| 101 | 0 | _arus | |
| 102 | _aRU | ||
| 105 | _ay z ||||| | ||
| 200 | 1 |
_aОтопление и вентиляция текстильных фабрик _fР.И. Гехт |
|
| 210 |
_aМосква _cГизлегпром _d1933 _e[Серпухов] _gтип. треста "Мособлполиграф" |
||
| 215 | _d22х15 см | ||
| 702 | 1 |
_aГехт _bР.И. _4570 |
|
| 710 | 0 | 2 |
_aМосковский заочный текстильный институт _3RU\NLR\AUTH\8810004344 _9505982 |
| 801 | 0 |
_aRU _bNLR _gpsbo |
|
| 801 | 1 |
_aRU _bELAR _2rusmarc |
|
| 852 |
_aNLR _j32-17/463(4) |
||
| 942 | _cBOOK | ||